| 000 | 00753nam a2200241 u 4500 | ||
|---|---|---|---|
| 005 | 20240831063812.0 | ||
| 008 | 170207s2004 es r 000 0 spa d | ||
| 020 | _a8495722429 | ||
| 035 | _aUPN01000215828 | ||
| 049 | _aI | ||
| 050 | 4 |
_aPQ6701 L3.6 _bV5.3 |
|
| 100 | 1 |
_aAlapont Ramon, Pasqual, _d1963- _930245 |
|
| 245 | 1 | 0 |
_aVíctor se va de excursión / _cPasqual Alapont Ramon ; il. Armand González. |
| 260 |
_aAlzira, Esp. : _bAlgar, _c2004. |
||
| 300 |
_a23 p. : _bil. col. |
||
| 440 | 0 |
_aLetra mágica ; _v1 |
|
| 500 | _aEn manuscrita y en mayúscula | ||
| 650 | 4 |
_aCuentos infantiles españoles _97725 |
|
| 650 | 0 |
_aAventuras y aventureros _vLiteratura juvenil _911236 |
|
| 905 | _aInfantil | ||
| 999 |
_c187928 _d187928 |
||